[Event "Ungdoms-DM U12 2022"]
[Site "Odense"]
[Date "2022.10.01"]
[Round "1"]
[White "Zander, Emil"]
[Black "Frydendahl, Noah Skotte"]
[Result "1-0"]
[WhiteElo "2025"]
[BlackElo "1208"]
[WhiteFideId "1467123"]
[BlackFideId "1473239"]
[EventDate "2022.09.30"]
[EventType "swiss"]
[EventRounds "7"]
[EventCountry "DEN"]

1. e4  c5  2. Nf3  Nc6
 3. d4  cxd4  4. Nxd4
 Nf6  5. Nc3  e5 
6. Ndb5  d6  7. Nd5  Nxd5 8. exd5
 Nb4  9. c4  Bf5 
10. Na3  Be7  11. Qa4+  Nc6
 12. dxc6  bxc6  13. Qxc6+
 Bd7  14. Qf3  O-O
 15. Be2  Rc8  16. O-O
 Bc6  17. Qe3  h6
 18. Bf3  Bg5  19. Qd3
 Bxf3  20. Qxf3  Be7
 21. Be3  a6  22. Rfd1
 f5  23. Qd5+  Kh8
 24. f3  Bg5  25. Bxg5
 Qxg5  26. Qd2  f4
 27. Qxd6  e4  28. Rd5
 Qh4  29. fxe4  f3
 30. Qg3  Qxe4  31. Rd7
 f2+  32. Kf1  Qh7
 33. Rd2  Rf6  34. Rxf2
 Rcf8  35. Rxf6 Rxf6+ 36. Kg1 
Qe4  37. Rd1  Rg6  38. Qf2
 h5  39. Nc2  Rf6
 40. Rd8+  Kh7  41. Qd2
 Rg6  42. Ne3  h4
 43. Qd3  Qc6  44. h3
 Qf6  45. c5  Qxb2
 46. Rd6  Qa1+  47. Nf1
  1-0

[Event "Ungdoms-DM U12 2022"]
[Site "Odense"]
[Date "2022.10.01"]
[Round "1"]
[White "Nielsen, Johannes Smedegaard"]
[Black "Repey, Yehor"]
[Result "0-1"]
[WhiteElo "1426"]
[BlackElo "1542"]
[WhiteFideId "1472860"]
[BlackFideId "34101241"]
[EventDate "2022.09.30"]
[EventType "swiss"]
[EventRounds "7"]
[EventCountry "DEN"]

1. e4  c5  2. Nf3  d6
 3. Bc4  Nc6  4. c3
 Nf6  5. d3  e6 
6. Be3  Be7  7. Nbd2  Bd7
 8. O-O  Qc7  9. d4
 cxd4  10. cxd4  d5
 11. exd5  exd5  12. Bb3
 O-O  13. Nb1  Bg4
 14. Nc3  Rfd8  15. Re1
 Bd6  16. g3  a6 
17. Nxd5  Nxd5  18. Bxd5  Bxg3
 19. Bxf7+  Qxf7  20. fxg3
 Qxf3  21. Qxf3  Bxf3
 22. Rf1  Be4  23. Rf4
 Bg6  24. Rd1  Re8
 25. Bf2  Rad8  26. d5
 Re4  27. Rxe4  Bxe4
 28. d6  Rd7  29. Bc5
 Kf7  30. Kf2  Ke6
 31. Ke3  Bd5  32. b3
 Rf7  33. Rd2  Rf3+
 34. Ke2  Rf5  35. Kd3
 Bxb3  36. axb3  Rxc5
 37. Ke4  Re5+  38. Kf4
 Rd5  39. Rxd5  Kxd5
 40. Ke3  Kxd6  41. Kd3
 b5  42. Kc3  a5 
43. Kb2  Kc5  44. h4  h5
 45. Ka2  a4  46. bxa4
 bxa4  47. Ka3  Kb5
 48. Ka2  Kb4  49. Kb2
 Nd4  50. Ka2  a3
 51. Ka1  Nc2+  52. Ka2
 g6  53. g4  hxg4
 54. h5  gxh5  55. Kb1
 Kb3  56. Kc1  a2
 57. Kd2  a1=Q  58. Ke2
 Qe1+  59. Kd3  Qe3#
  0-1

[Event "Ungdoms-DM U12 2022"]
[Site "Odense"]
[Date "2022.10.01"]
[Round "1"]
[White "Shekar, Diya"]
[Black "Li, Anna Sofie"]
[Result "1/2-1/2"]
[WhiteElo "1210"]
[BlackElo "1590"]
[WhiteFideId "1472330"]
[BlackFideId "1472119"]
[EventDate "2022.09.30"]
[EventType "swiss"]
[EventRounds "7"]
[EventCountry "DEN"]

1. d4  d5  2. Nf3  Nf6
 3. Bf4  c5  4. e3
 Nc6  5. c3  e6 
6. Nbd2  Bd6  7. Bg3  O-O
 8. Ne5  Qc7  9. f4
 Nd7  10. Bd3  f6
 11. Nxc6  bxc6  12. Qc2
 f5  13. h4  Nf6 
14. c4  cxd4  15. exd4  Bxf4
 16. Bxf4  Qxf4  17. Nf3
 Ng4  18. Rh3  Re8
 19. Qd2  e5  20. dxe5
 Nxe5  21. Nxe5  Rxe5+
 22. Be2  Qe4  23. Kf1
 Ba6  24. Bf3  Qxc4+
 25. Kg1  Rae8  26. b3
 Qc5+  27. Kh2  d4
 28. Rc1  Qd6  29. Rxc6
 Qb8  30. Rg3  Bb7
 31. Rc4  Bxf3  32. Rxf3
 d3  33. Rxd3  Re2+
 34. Qf4  Qb7  35. Rg3
 Qf7  36. Rc7  Qf6
 37. Qc4+   1/2-1/2

[Event "Ungdoms-DM U12 2022"]
[Site "Odense"]
[Date "2022.10.01"]
[Round "2"]
[White "Derlich, Sarah Sima"]
[Black "Zander, Emil"]
[Result "1/2-1/2"]
[WhiteElo "1490"]
[BlackElo "2025"]
[WhiteFideId "1469290"]
[BlackFideId "1467123"]
[EventDate "2022.09.30"]
[EventType "swiss"]
[EventRounds "7"]
[EventCountry "DEN"]

1. e4  c5  2. Nf3  d6
 3. Bb5+  Bd7  4. Bxd7+
 Qxd7 5. c4  e5  6. Nc3
 g6  7. b3  Bg7 
8. Bb2  Ne7  9. Qc2  O-O
 10. O-O  Nbc6  11. Nd5
 f5  12. d3  h6 
13. h4  Nxd5  14. cxd5  Ne7
 15. Nd2  f4  16. h5
 gxh5  17. Qd1  Qe8
 18. Qf3  Qg6  19. Qh3
 Rad8  20. Kh1  Kh8
 21. Rg1  Ng8  22. Nf3
 Nf6  23. Nh4  Qg5
 24. Bc1  Rg8  25. g3
 Ng4  26. Rg2  Rdf8
 27. f3  Ne3  28. gxf4
 Qxh4  29. Qxh4  Nxg2
 30. Qxh5  Nxf4  31. Bxf4
 Rxf4  32. Rg1  Rgf8
 33. Rg6  Rxf3  34. Rxh6+
 Bxh6  35. Qxh6+  Kg8
 36. Qg6+  Kh8  37. Qh6+
 Kg8  38. Qg6+  Kh8
 39. Qh6+   1/2-1/2

[Event "Ungdoms-DM U12 2022"]
[Site "Odense"]
[Date "2022.10.01"]
[Round "2"]
[White "Repey, Yehor"]
[Black "Andries, Leia"]
[Result "0-1"]
[WhiteElo "1542"]
[BlackElo "1597"]
[WhiteFideId "34101241"]
[BlackFideId "1469207"]
[EventDate "2022.09.30"]
[EventType "swiss"]
[EventRounds "7"]
[EventCountry "DEN"]

1. e4  c5  2. Nf3  e6
 3. d4  cxd4  4. Nxd4
 Nf6  5. Nc3  Nc6
 6. Be3  Bb4  7. f3
 d5  8. Bd3  Qc7 
9. O-O  Bc5  10. Bb5  O-O
 11. Bxc6  bxc6  12. Kh1
 Bxd4  13. Bxd4  e5
 14. Bc5  Rd8  15. exd5
 cxd5  16. b4  Ba6
 17. Rf2  Bc4  18. a4
 a5  19. Nb5  Bxb5
 20. axb5  axb4  21. Bxb4
 Qb6  22. Rxa8  Rxa8
 23. Qf1  Rb8  24. g4
 Qxb5  25. Qxb5  Rxb5
 26. Be7  Nd7  27. Rd2
 Nb6  28. Re2  Nc4
 29. Bh4  f6  30. c3
 Rb2  31. Rxb2  Nxb2
 32. g5  Kf7  33. gxf6
 gxf6  34. Kg1  f5
 35. Kf1  f4  36. Bd8
 Nc4  37. Bc7  Ke6
 38. Ke2  Kf5  39. Kd3
 Ke6  40. h3  Kd7
 41. Bb8  Kc6  42. Ba7
 Kb5  43. Bf2  Ka4
 44. Be1  Kb3  45. Bd2
 Nxd2  46. Kxd2  Kc4
 47. h4  h5  48. Kc2
 e4  49. Kd2  e3+
  0-1

[Event "Ungdoms-DM U12 2022"]
[Site "Odense"]
[Date "2022.10.01"]
[Round "3"]
[White "Sandmann, Villads Majvang"]
[Black "Mueller, Anker"]
[Result "1-0"]
[WhiteElo "1661"]
[BlackElo "1471"]
[WhiteFideId "1472313"]
[BlackFideId "1472070"]
[EventDate "2022.09.30"]
[EventType "swiss"]
[EventRounds "7"]
[EventCountry "DEN"]

1. e4  c6  2. d4  d5
 3. exd5  cxd5  4. Bd3
 Nc6  5. c3  Nf6 
6. Bf4  Bg4  7. Qb3  Qd7
 8. Nd2  e6  9. Ngf3
 Bd6  10. Bxd6  Qxd6
 11. O-O  O-O  12. Rfe1
 a6  13. Ne5  b5 
14. Ndf3  Na5  15. Qb4  Qxb4
 16. cxb4  Nc4  17. b3
 Nxe5  18. Nxe5  a5
 19. bxa5  Rxa5  20. Nc6
 Ra3  21. Bxb5  Ne4
 22. Rec1  Raa8  23. f3
 Nd6  24. Ne7+  Kh8
 25. Bc6  Ra7  26. fxg4
 Rxe7  27. a4  f6
 28. a5  e5  29. dxe5
 fxe5  30. a6  Ra7
 31. Bxd5  Rf4  32. Rc6
 Rf6  33. b4  h6 
34. Ra5  e4  35. b5  e3
 36. Bf3   1-0

[Event "Ungdoms-DM U12 2022"]
[Site "Odense"]
[Date "2022.10.01"]
[Round "3"]
[White "Andries, Leia"]
[Black "Derlich, Sarah Sima"]
[Result "0-1"]
[WhiteElo "1597"]
[BlackElo "1490"]
[WhiteFideId "1469207"]
[BlackFideId "1469290"]
[EventDate "2022.09.30"]
[EventType "swiss"]
[EventRounds "7"]
[EventCountry "DEN"]

1. e4  e5  2. Nf3  Nc6
 3. d4  exd4  4. Nxd4
 Bc5  5. Nb3  Bb6
 6. Nc3  Nf6  7. Qe2
 O-O  8. Be3  Bxe3
 9. Qxe3  Re8  10. O-O-O
 Qe7  11. f3  b6 
12. g4  Qe5  13. h4  a5
 14. Qg5  a4  15. Qxe5
 Nxe5  16. Nd2  c6
 17. Bh3  b5  18. a3
 d5  19. exd5  Nxd5
 20. Nxd5  cxd5  21. f4
 Nxg4  22. Bxg4  Bxg4
 23. Rdg1  Bf5  24. Rg3
 Rac8  25. c3  d4
 26. Rhg1  g6  27. Kd1
 dxc3  28. bxc3  Red8
 29. Ke2  Rc7  30. Re3
 Kf8  31. Kd1  Rcd7
 32. Rg2  Rd3   0-1

[Event "Ungdoms-DM U12 2022"]
[Site "Odense"]
[Date "2022.10.01"]
[Round "3"]
[White "Zander, Emil"]
[Black "Repey, Yehor"]
[Result "1-0"]
[WhiteElo "2025"]
[BlackElo "1542"]
[WhiteFideId "1467123"]
[BlackFideId "34101241"]
[EventDate "2022.09.30"]
[EventType "swiss"]
[EventRounds "7"]
[EventCountry "DEN"]

1. e4  c5  2. Nf3  d6
 3. d4  cxd4  4. Nxd4
 Nf6  5. Nc3  a6 
6. f3  e5  7. Nb3  Be6
 8. Be3  Qc7  9. Qd2
 Be7  10. g4  b5 
11. O-O-O  Bxb3  12. axb3  Nc6
 13. g5  Nd7  14. Nd5
 Qb8  15. Bh3  Nf8
 16. f4  Ne6  17. Bxe6
 fxe6  18. Nxe7  Kxe7
 19. f5 Qc7  20. f6+  gxf6
 21. gxf6+  Kxf6  22. Rhf1+
 Ke7  23. Bg5+  Ke8
 24. Qe2  Ne7  25. Qh5+
 Ng6  26. Rf6  Rg8
 27. Rxe6+  Kf8  28. Bh6+
 Rg7  29. Qf5+  Qf7
 30. Rf6   1-0

[Event "Ungdoms-DM U12 2022"]
[Site "Odense"]
[Date "2022.10.01"]
[Round "3"]
[White "Nielsen, Johannes Smedegaard"]
[Black "Andresen, Christian Kiilerich"]
[Result "0-1"]
[WhiteElo "1426"]
[BlackElo "1304"]
[WhiteFideId "1472860"]
[BlackFideId "1473085"]
[EventDate "2022.09.30"]
[EventType "swiss"]
[EventRounds "7"]
[EventCountry "DEN"]

1. e4  c6  2. d4  d5
 3. exd5  cxd5  4. Bf4
 Nc6  5. Bb5  a6 
6. Ba4  Nf6  7. Nf3  Bg4
 8. c3  b5  9. Bc2
 e6  10. h3  Bh5 
11. O-O  Bd6  12. Bxd6  Qxd6
 13. Nbd2  O-O  14. Nb3
 Ne7  15. Qd3  Bg6
 16. Qd2  Bxc2  17. Qxc2
 Nf5  18. Nc5  Nd7
 19. Nxd7  Qxd7  20. Ng5
 Qe7  21. Nf3  Rfc8
 22. Rfe1  Rc7  23. Rac1
 Rac8  24. Qd3  Qd6
 25. Rc2  b4  26. Rec1
 bxc3  27. Rxc3  Rxc3
 28. Rxc3  Rb8  29. Qc2
 g6  30. Rc6  Qb4
 31. Rxa6  Qxb2  32. Qxb2
 Rxb2  33. a4  Ra2
 34. a5  Kg7  35. Ne5
 Nxd4  36. Ra7  Kf6
 37. Nd7+  Ke7  38. Nb6+
 Kd6  39. a6  f5 
40. Nc8+  Kc6  41. Ra8  Nb5
 42. a7  Ra1+  43. Kh2
 d4  44. Rb8  Nxa7
 45. Nxa7+  Rxa7  46. Rb1
 Kd5  47. Kg1  e5
 48. Kf1  Ra2  49. Rb7
 d3  50. Ke1  Re2+
 51. Kf1  e4  52. Rb1
 Kc4  53. Rc1+  Rc2
 54. Rd1  Kc3  55. f3
 e3  56. Kg1  e2 
57. Rxd3+  Kxd3  58. Kh2  e1=Q
59. f4  Qf2  60. Kh1  Qxg2#
  0-1

[Event "Ungdoms-DM U12 2022"]
[Site "Odense"]
[Date "2022.10.01"]
[Round "4"]
[White "Derlich, Sarah Sima"]
[Black "Sandmann, Villads Majvang"]
[Result "0-1"]
[WhiteElo "1490"]
[BlackElo "1661"]
[WhiteFideId "1469290"]
[BlackFideId "1472313"]
[EventDate "2022.09.30"]
[EventType "swiss"]
[EventRounds "7"]
[EventCountry "DEN"]

1. e4  c5  2. Nf3  e6
 3. c3  Nf6  4. e5
 Nd5  5. Bc4  Nb6
 6. Qe2  Nxc4  7. Qxc4
 d5  8. exd6  Bxd6
 9. d4  cxd4  10. Nxd4
 O-O  11. O-O  b6
 12. Be3  Bxh2+  13. Kxh2
 Qh4+  14. Kg1  Ba6
 15. Qc7  Bxf1  16. Qb7
 Na6  17. Kxf1  Nc5
 18. Qf3  Qh1+  19. Ke2
 e5  20. Nf5  Rfd8
 21. Nd2  Qxa1   0-1

[Event "Ungdoms-DM U12 2022"]
[Site "Odense"]
[Date "2022.10.01"]
[Round "4"]
[White "Mueller, Anker"]
[Black "Zander, Emil"]
[Result "0-1"]
[WhiteElo "1471"]
[BlackElo "2025"]
[WhiteFideId "1472070"]
[BlackFideId "1467123"]
[EventDate "2022.09.30"]
[EventType "swiss"]
[EventRounds "7"]
[EventCountry "DEN"]

1. e4  c5  2. Nf3  d6
 3. d4  cxd4  4. Nxd4
 Nf6  5. Nc3  a6 
6. Be3  e5  7. Nb3  Be6
 8. Be2  Be7  9. Qd2
 O-O  10. O-O-O  b5
 11. f3  h5  12. h3
 h4  13. Bg5  Nh5
 14. Bxe7  Qxe7  15. Qxd6
 Qg5+  16. Qd2  Nf4
 17. Kb1  Nc6  18. Qe1
 Rfd8  19. Rxd8+  Rxd8
 20. Rg1  Qg3  21. Qxg3
 hxg3  22. Nc5  b4
 23. Nxe6  fxe6  24. Bxa6
 bxc3  25. bxc3  Rd2
 26. Bf1  Kf7  27. a4
 Ke7  28. Kb2  Kd6
 29. Kb3  Kc5  30. h4
 Rd1  31. Ka3  Na5
 32. Rh1  Nc4+  33. Ka2
 Ne3  34. a5  Rxf1  0-1

[Event "Ungdoms-DM U12 2022"]
[Site "Odense"]
[Date "2022.10.02"]
[Round "5"]
[White "Sandmann, Villads Majvang"]
[Black "Zander, Emil"]
[Result "0-1"]
[WhiteElo "1661"]
[BlackElo "2025"]
[WhiteFideId "1472313"]
[BlackFideId "1467123"]
[EventDate "2022.09.30"]
[EventType "swiss"]
[EventRounds "7"]
[EventCountry "DEN"]

1. e4  c5  2. Nf3  d6
 3. d4  cxd4  4. Nxd4
 Nf6  5. Nc3  a6 
6. Bg5  e6  7. f4  Be7
 8. Qf3  Qc7  9. O-O-O
 Nbd7  10. Bd3  b5
 11. Rhe1  b4  12. Nd5
 exd5  13. exd5  Kf8
 14. Nc6  Bd8  15. Qe3
 Bb7  16. Re2  Bxc6
 17. dxc6  Qxc6  18. Rde1
 Nc5  19. Bc4  Nfe4
 20. Bxd8  Rxd8  21. Bd3
 d5  22. Qd4  Nxd3+
 23. Qxd3  f5  24. Qd4
 Kf7  25. Qxb4  Rhe8
 26. Qd4  Qc4  27. Qxc4
 dxc4  28. g4  g6
 29. gxf5  gxf5  30. Rd1
 c3  31. Rxd8  Rxd8
 32. bxc3  Nxc3  33. Re5
 Rd5  34. Re3  Nxa2+
 35. Kb2  Nb4  36. Kb3
 Rb5  37. c4  Rb7
 38. Ka4  Nc6  39. Rh3
 Rb4+  40. Ka3  Rxc4
 41. Rxh7+  Kg6  42. Rh4
 Ne7  43. Kb3  Re4
 44. Rh8  a5  45. Ra8
 a4+  46. Rxa4  Rxa4
 47. Kxa4  Nd5  48. Kb3
 Nxf4  49. Kc4  Nh3
 50. Kd4  Kg5  51. Ke3
 Kg4  52. Ke2  f4
 53. Kf1  Kf3   0-1

[Event "Ungdoms-DM U12 2022"]
[Site "Odense"]
[Date "2022.10.02"]
[Round "5"]
[White "Andries, Leia"]
[Black "Andresen, Christian Kiilerich"]
[Result "1-0"]
[WhiteElo "1597"]
[BlackElo "1304"]
[WhiteFideId "1469207"]
[BlackFideId "1473085"]
[EventDate "2022.09.30"]
[EventType "swiss"]
[EventRounds "7"]
[EventCountry "DEN"]

1. e4  c6  2. d4  d5
 3. exd5  cxd5  4. Bd3
 Nf6  5. h3  Nc6 
6. c3  e6  7. Nf3  Bd6
 8. O-O  O-O  9. Re1
 Re8  10. Ne5  Bxe5
 11. dxe5 Nd7  12. f4  Nc5
 13. Bc2  Qh4  14. Rf1
 Ne7  15. Qf3  b6
 16. Kh2  Ba6  17. g3
 Qh6  18. f5  g5 
19. fxg6  Qg7  20. gxf7+  Kh8
 21. fxe8=Q+  Rxe8  22. Re1
 Rf8  23. Qg2  Bb7
 24. b4  Ne4  25. Bxe4
 dxe4  26. Rf1  Nf5
 27. Bf4  Bd5  28. Qe2
 Rg8  29. Rg1  Nh4
 30. Nd2  Nf3+  31. Nxf3
 exf3  32. Qf2  Qc7
 33. Rac1  h5  34. Rgd1
 Qc4  35. Rd4  Qc8
 36. c4  Bb7  37. c5
 bxc5  38. bxc5  Qc6
 39. Rd6  Qa4  40. Rxe6
  1-0

[Event "Ungdoms-DM U12 2022"]
[Site "Odense"]
[Date "2022.10.02"]
[Round "5"]
[White "Li, Anna Sofie"]
[Black "Derlich, Sarah Sima"]
[Result "1-0"]
[WhiteElo "1590"]
[BlackElo "1490"]
[WhiteFideId "1472119"]
[BlackFideId "1469290"]
[EventDate "2022.09.30"]
[EventType "swiss"]
[EventRounds "7"]
[EventCountry "DEN"]

1. e4  e5  2. Nf3  Nc6
 3. Bb5  a6  4. Ba4
 Nf6  5. O-O  Be7
 6. Re1  b5  7. Bb3
 d6  8. h3  Na5 
9. c3  Nxb3  10. axb3  Bb7
 11. Qc2  Bxe4  12. Rxe4
 Nxe4  13. Qxe4  O-O
 14. c4  b4  15. d4
 Re8  16. Be3  exd4
 17. Bxd4  c5  18. Be3
 Bf6  19. Qc2  a5
 20. Nbd2  Be5  21. Rd1
 Qf6  22. Nxe5  Qxe5
 23. Nf3  Qf6  24. Qd2
 h6  25. Bf4  Rad8
 26. Bg3  Kh8  27. Bh4
 g5  28. Nxg5  Rg8
 29. Nf3  Qg6  30. g4
 Rde8  31. Qxd6  Qxd6
 32. Rxd6  Kh7  33. g5
 Rg6  34. Rd7  Kg8
 35. Kf1  h5  36. Rc7
 Rge6  37. Rxc5  Re2
 38. Bg3  Rxb2  39. Nd4
 Ra2  40. Rd5  a4
 41. bxa4  Rxa4  42. c5
 Ra1+  43. Kg2  Rc1
 44. c6  b3  45. Rb5
 Rc4  46. c7  b2 
47. Rxb2   1-0

[Event "Ungdoms-DM U12 2022"]
[Site "Odense"]
[Date "2022.10.02"]
[Round "5"]
[White "Bjerg, Ludvig"]
[Black "Repey, Yehor"]
[Result "1/2-1/2"]
[WhiteElo "1000"]
[BlackElo "1542"]
[WhiteFideId ""]
[BlackFideId "34101241"]
[EventDate "2022.09.30"]
[EventType "swiss"]
[EventRounds "7"]
[EventCountry "DEN"]

1. e4  c5  2. Nf3  d6
 3. Bb5+  Bd7  4. Bxd7+
 Nxd7  5. d4  cxd4
 6. Nxd4  Ngf6  7. Nc3
 a6  8. f3  e6 
9. Be3  Be7  10. Qd2  Qc7
 11. O-O  O-O  12. a4
 Ne5  13. Rab1  Nfd7
 14. f4  Nc4  15. Qe2
 Nxe3  16. Qxe3  Qb6
 17. Rfe1  Bf6  18. Nf3
 Qxe3+ 19. Rxe3  Rfc8  20. e5
 dxe5  21. fxe5  Be7
 22. Rd3  Nf8  23. Rbd1
 Rd8  24. Rxd8  Rxd8
 25. Rxd8  Bxd8  26. Ne4
 f6  27. exf6  gxf6
 28. b4  Be7  29. b5
 axb5  30. axb5  f5
 31. Ned2  Bc5+  32. Kf1
 Nd7  33. Nb3  Bb6
 34. Nfd4  Bxd4  35. Nxd4
 Kf7  36. Ke2  Nc5
 37. Kd2  Kf6  38. Kc3
 e5  39. Ne2  f4 
40. Kc4  Ne4  41. h3  Ke6
 42. Nc3  Nxc3  43. Kxc3
 b6  44. Kc4  Kd6
 45. c3  h6  46. h4
 h5  47. Kd3  Kd5
 48. c4+  Kd6  49. Ke4
 Ke6  50. Kf3  Kd6
 51. Ke4  Ke6  52. Kf3
  1/2-1/2

[Event "Ungdoms-DM U12 2022"]
[Site "Odense"]
[Date "2022.10.02"]
[Round "6"]
[White "Zander, Emil"]
[Black "Andries, Leia"]
[Result "1-0"]
[WhiteElo "2025"]
[BlackElo "1597"]
[WhiteFideId "1467123"]
[BlackFideId "1469207"]
[EventDate "2022.09.30"]
[EventType "swiss"]
[EventRounds "7"]
[EventCountry "DEN"]

1. e4  c5  2. Nf3  Nc6
 3. d4  cxd4  4. Nxd4
 Nf6  5. Nc3  d6 
6. Bg5  e6  7. Qd2  a6
 8. O-O-O  Be7  9. f3
 Bd7  10. h4  h6 
11. Be3  h5  12. Bg5  Nxd4
 13. Qxd4  Bc6  14. f4
 d5  15. Bxf6  Bxf6
 16. e5  Be7  17. f5
 b5  18. fxe6  fxe6
 19. Bd3  O-O  20. g4
 Bxh4  21. gxh5  Bg5+
 22. Kb1  Bh6  23. Rdg1
 Rf4  24. Qc5  Qc8
 25. Ne2  Rf8  26. Rg6
 Be8  27. Qxc8  Rxc8
 28. Rxe6  Bxh5  29. Rxh6
 gxh6  30. Rxh5  Rc6
 31. Nd4  Rg6  32. a4
 Rg4  33. c3  bxa4
 34. Rxh6  Rb8  35. Rxa6
 Rg2  36. Bc2  Kf7
 37. Rxa4  Rh8  38. Bb3
 Rg1+  39. Ka2  Rd8
 40. Ra5   1-0

[Event "Ungdoms-DM U12 2022"]
[Site "Odense"]
[Date "2022.10.02"]
[Round "6"]
[White "Li, Anna Sofie"]
[Black "Sandmann, Villads Majvang"]
[Result "1/2-1/2"]
[WhiteElo "1590"]
[BlackElo "1661"]
[WhiteFideId "1472119"]
[BlackFideId "1472313"]
[EventDate "2022.09.30"]
[EventType "swiss"]
[EventRounds "7"]
[EventCountry "DEN"]

1. e4  c5  2. Nf3  e6
 3. d4  cxd4  4. Nxd4
 Nc6  5. Nf3  d5 
6. exd5  exd5  7. Bb5  Nf6
 8. Bg5  Be7  9. Nc3
 Be6  10. Ne5  Qc7
 11. Nd3  O-O  12. O-O
 Ne4  13. Bf4  Bd6
 14. Bxd6  Qxd6  15. Ne2
 a6  16. Ba4  Rac8
 17. c3  b5  18. Bc2
 Rfd8  19. Re1  Nf6
 20. Ndf4  Re8  21. Qd2
 b4  22. Rad1  bxc3
 23. Nxc3  Rcd8   1/2-1/2

[Event "Ungdoms-DM U12 2022"]
[Site "Odense"]
[Date "2022.10.02"]
[Round "6"]
[White "Mueller, Anker"]
[Black "Andresen, Christian Kiilerich"]
[Result "1-0"]
[WhiteElo "1471"]
[BlackElo "1304"]
[WhiteFideId "1472070"]
[BlackFideId "1473085"]
[EventDate "2022.09.30"]
[EventType "swiss"]
[EventRounds "7"]
[EventCountry "DEN"]

1. e4  c6  2. d4  d5
 3. Nd2  dxe4  4. Nxe4
 Nf6  5. Nxf6+  exf6
 6. Nf3  Bg4  7. c3
 Bd6  8. Be2  O-O
 9. O-O  Nd7  10. Be3
 f5  11. h3  Bh5 
12. Re1  Re8  13. Qd2  Qc7
 14. Qc2  Nf6  15. Rad1
 Nd5  16. Bc1  Qe7
 17. Bd3  Qc7  18. Bxf5
 Nf6  19. g4  Bg6
 20. Be3  Bf4  21. Bxg6
 hxg6  22. Bxf4  Qxf4
 23. Ne5  c5  24. Qd2
 Qxd2  25. Rxd2  cxd4
 26. cxd4  Nd5  27. Rc1
 Re6  28. Rc5  Rd8
 29. Nd3  Nf6  30. Rc4
 Red6  31. Nc5  Rb6
 32. Kg2  Rc8  33. b3
 Kf8  34. Nd7+  Ke7
 35. Nxb6  Rxc4  36. Nxc4
 Ke6  37. Kf3  g5
 38. Ne3  g6  39. d5+
 Kd6  40. Nc4+  Kd7
 41. d6  Ke6  42. d7
 Nxd7  43. Rxd7  Kxd7
 44. Ke4  Ke6  45. Ne3
 b5  46. b4  a6 
47. a3  Kd6  48. f4  gxf4
 49. Kxf4  Ke6  50. Ke4
 f6  51. h4   1-0

[Event "Ungdoms-DM U12 2022"]
[Site "Odense"]
[Date "2022.10.02"]
[Round "7"]
[White "Zander, Emil"]
[Black "Li, Anna Sofie"]
[Result "1-0"]
[WhiteElo "2025"]
[BlackElo "1590"]
[WhiteFideId "1467123"]
[BlackFideId "1472119"]
[EventDate "2022.09.30"]
[EventType "swiss"]
[EventRounds "7"]
[EventCountry "DEN"]

1. e4  e5  2. Nf3  Nc6
 3. Bc4  Nf6  4. d3
 Bc5  5. c3  O-O 
6. O-O  d6  7. Re1  Be6
 8. Bb3  d5  9. exd5
 Nxd5  10. Bg5  f6
 11. Bh4  Qd7  12. d4
 exd4  13. cxd4  Bb6
 14. Nc3  Rae8  15. Rxe6
 Rxe6  16. Bxd5  Rfe8
 17. Bxe6+  Rxe6  18. d5
 Rd6  19. Bg3  Ne5
 20. Nxe5  fxe5  21. Qe2
 Rf6  22. Qxe5  Qf7
 23. Ne4  Rg6  24. Re1
 h6  25. Nd2  Kh7
 26. Nf3  Rf6  27. Qe4+
 Kg8  28. Qe8+  Qxe8
 29. Rxe8+  Kf7  30. Rc8
 Rf5  31. Ne5+  Ke7
 32. Kf1  Bd4  33. Rxc7+
 Kd8  34. Nd3  Rxd5
 35. Rxb7  Bb6  36. Ke2
 Rg5  37. Ne5  Ke8
 38. f4  Rf5  39. Rxg7
 Bd4  40. Kd3  Bxb2
 41. Ke4  Rf6  42. Bh4
 Rf8  43. Rxa7  Bxe5
 44. Ra8+  Kf7  45. Rxf8+
 Kxf8  46. fxe5   1-0

[Event "Ungdoms-DM U12 2022"]
[Site "Odense"]
[Date "2022.10.02"]
[Round "7"]
[White "Sandmann, Villads Majvang"]
[Black "Frydendahl, Noah Skotte"]
[Result "1-0"]
[WhiteElo "1661"]
[BlackElo "1208"]
[WhiteFideId "1472313"]
[BlackFideId "1473239"]
[EventDate "2022.09.30"]
[EventType "swiss"]
[EventRounds "7"]
[EventCountry "DEN"]

1. e4  c5  2. Nf3  Nc6
 3. d4  cxd4  4. Nxd4
 Nf6  5. Nc3  e6 
6. Bf4  Bb4  7. Ndb5  e5
 8. Bg5  O-O  9. Be2
 a6  10. Nd6  Nd4 11. Nc4
 Re8  12. O-O  b5
 13. Ne3  Ne6  14. Bxf6
 Qxf6  15. Ncd5  Qg6
 16. Nxb4  Bb7  17. f3
 Qg5  18. Nbd5  Rac8
 19. Re1  Rc5  20. Bf1
 h5  21. a4  h4 
22. h3  Rec8  23. axb5  axb5
 24. b4 Bxd5  25. bxc5  Nf4
 26. Ng4  Be6  27. Qd6
 f6  28. Ra7  Rc6
 29. Ra8+  Kh7  30. Qf8
 d5  31. Qh8+  Kg6
 32. Ra7  Bf7  33. Qf8
 dxe4  34. Qxf7+  Kh7
 35. Rxe4  f5  36. Rxe5
 Rf6  37. Nxf6+  Kh6
 38. Ng4+  Kh7  39. Qxf5+
  1-0

[Event "Ungdoms-DM U12 2022"]
[Site "Odense"]
[Date "2022.10.02"]
[Round "7"]
[White "Andries, Leia"]
[Black "Mueller, Anker"]
[Result "0-1"]
[WhiteElo "1597"]
[BlackElo "1471"]
[WhiteFideId "1469207"]
[BlackFideId "1472070"]
[EventDate "2022.09.30"]
[EventType "swiss"]
[EventRounds "7"]
[EventCountry "DEN"]

1. e4  c6  2. d4  d5
 3. e5  Bf5  4. Nf3
 e6  5. Be2  Nd7 
6. O-O  c5  7. c4  cxd4
 8. Qxd4  Bc5  9. Qd1
 Ne7  10. Nc3  Nb6
 11. cxd5  Nbxd5  12. Nxd5
 Qxd5  13. Qxd5  Nxd5
 14. Bb5+  Ke7  15. Bd2
 a6  16. Bc4  Rac8
 17. Bxd5  exd5  18. Bc3
 Bg4  19. Rad1  Bxf3
 20. gxf3  Rhd8  21. b4
 Bxf2+  22. Rxf2  Rxc3
 23. f4  Re3  24. Rfd2
 Ke6  25. Rd4  Re2
 26. R1d2  Rxd2  27. Rxd2
 Rc8  28. Rd4  Rc4
 29. Rxc4  dxc4  30. Kf2
 f6  31. exf6  gxf6
 32. a4  Kd5  33. Ke3
 f5  34. a5  c3 
35. Kd3  c2  36. Kxc2  Kc4
 37. h4  Kxb4  38. Kd3
 Kxa5  39. Kd4  b5
 40. Ke5  b4  41. Kxf5
 b3  42. Ke6  b2 
43. f5  b1=Q 44. f6  Qe4+  45.
Kd7  Qxh4  46. f7  Qf4
  0-1

[Event "Ungdoms-DM U12 2022"]
[Site "Odense"]
[Date "2022.10.02"]
[Round "7"]
[White "Andresen, Christian Kiilerich"]
[Black "Repey, Yehor"]
[Result "0-1"]
[WhiteElo "1304"]
[BlackElo "1542"]
[WhiteFideId "1473085"]
[BlackFideId "34101241"]
[EventDate "2022.09.30"]
[EventType "swiss"]
[EventRounds "7"]
[EventCountry "DEN"]

1. e4  c5  2. Nf3  d6
 3. d4  cxd4  4. Nxd4
 Nf6  5. Nc3  a6 
6. Be3  e5  7. Nb3  Be6
 8. f3  Be7  9. Qd2
 Qc7  10. g4  b5 
11. h4  Nc6  12. Nd5  Bxd5
 13. exd5  Nd8  14. O-O-O
 Nb7  15. h5  Rc8
 16. Kb1  Nd7  17. g5
 Ndc5  18. Nxc5  Nxc5
 19. Bxc5  Qxc5  20. g6
 Bg5  21. gxf7+  Kxf7
 22. Qg2  Bf6  23. Bd3
 e4  24. fxe4  Qb4
 25. c3  Rxc3  26. Qd2
 Rhc8  27. Rh2  a5
 28. Rf2  R3c5  29. Qxb4
 axb4  30. a3  bxa3
 31. bxa3  Ra8  32. Rc1
 Rxa3  33. Rxc5  dxc5
 34. Bc2  Ra1#   0-1